000 00925cam a2200241 4500
008 000000n2000 000 0 eng u
020 _a1902633962
035 _a(Sirsi) u107384
050 _a346.41042
_c21
100 _aRosenberry, K.
245 _aCommonhold law : problems and potential solutions
260 _aYork
_hJoseph Rowntree Foundation
_c2000
300 _a52p. ; 28cm.
350 _a12.95
520 _aAimed at developers, lenders, managing agents, lawyers, surveyors and estate agents, this study explains what commonhold is and identifies problems that arise in the creation and operation of commonhold communities. It also discusses potential solutions based on experiences in Australia and California.
650 _aFLATS
650 _aCOMMONHOLD
650 _aCOMMONHOLD ASSOCIATIONS
650 _aLEASEHOLD
650 _aFREEHOLD
690 _aPROPERTY-LANDLORD AND TENANT
942 _n0
999 _c100689
_d100689